|
|
|
|
| LEADER |
00000nab a2200000 a 4500 |
| 001 |
vtls000497654 |
| 003 |
SK-MaSNL |
| 005 |
20260303160959.0 |
| 008 |
230223c1993 xo 0 slo |
| 015 |
|
|
|a SNBRB19rr/mm-uuuuu
|
| 035 |
|
|
|a CL0497792
|
| 035 |
|
|
|a urn:nbn:sk:snk-ab6px9
|
| 035 |
|
|
|a (uuid)ce1bfc70-a749-4c20-bf7b-ca2076c0e6d3
|
| 035 |
|
|
|a (urnnbn)urn:nbn:sk:snk:ar-005rvj
|
| 035 |
|
|
|a (sysno)vtls000497654
|
| 040 |
|
|
|a SNKBUCL
|b slo
|c SNKBUCL
|e AACR2
|
| 041 |
0 |
|
|a slo
|
| 044 |
|
|
|a xo
|c SK
|
| 080 |
|
|
|a 621.791.72:621.375.826:616.314-78
|2 1981
|
| 080 |
|
|
|a 621.375.826
|2 1981
|
| 080 |
|
|
|a 616.314-78
|2 1981
|
| 100 |
1 |
|
|a Kovačócy, Pavel
|4 aut
|9 11534
|
| 245 |
1 |
0 |
|a Zváranie zubolekárskych prístrojov Nd:YAG laserom
|c Pavel Kovačócy, Milan Turňa, Peter Palkovič
|
| 300 |
|
|
|b Grafy 5, obr. 3, sch. 3, lit. 5 zázn. v ruš., slov.
|
| 650 |
0 |
7 |
|a prístroje stomatologické
|2 snkbucl
|9 1182602
|
| 650 |
0 |
7 |
|a zváranie laserom
|2 snkbucl
|9 15569
|
| 650 |
0 |
7 |
|a lasery Nd YaG
|2 snkbucl
|9 996916
|
| 655 |
|
7 |
|a články z novín a časopisov
|2 snkbucl
|9 267496
|
| 700 |
1 |
|
|a Turňa, Milan,
|d 1940-2014
|4 aut
|9 218956
|
| 700 |
1 |
|
|a Palkovič, Peter
|4 aut
|9 394088
|
| 773 |
0 |
|
|t Zváranie
|g Roč. 42, č. 8 (1993), s. 172-174
|x 0044-5525
|
| 850 |
|
|
|a Slovenská národná knižnica v Martine
|a MTA001
|
| 852 |
|
|
|a SNK
|b KIS3GCP
|
| 954 |
|
|
|a odborná, vedecká literatúra pôvodná (slovenská)
|2 lita
|
| 958 |
|
|
|a OND
|
| 958 |
|
|
|a NB
|
| 958 |
|
|
|a RK
|
| 958 |
|
|
|a ME
|
| 958 |
|
|
|a EUIPO
|
| 958 |
|
|
|a article
|
| 992 |
|
|
|a RBX
|
| 999 |
|
|
|c 2047855
|d 2049785
|